Indian ocean and world peace/ (Record no. 65769)

MARC details
000 -LEADER
fixed length control field 00484nam a22001577a 4500
005 - DATE AND TIME OF LATEST TRANSACTION
control field 20180806155143.0
008 - FIXED-LENGTH DATA ELEMENTS--GENERAL INFORMATION
fixed length control field 120428t xxu||||| |||| 00| 0 eng d
020 ## - INTERNATIONAL STANDARD BOOK NUMBER
International Standard Book Number 8173913765
Terms of availability 450.00
035 ## - SYSTEM CONTROL NUMBER
System control number B-19276, B-019275, B-019278
040 ## - CATALOGING SOURCE
Original cataloging agency DPL
Language of cataloging ENG
100 ## - MAIN ENTRY--PERSONAL NAME
Personal name Agarwal, Amita
9 (RLIN) 45995
245 ## - TITLE STATEMENT
Title Indian ocean and world peace/
Statement of responsibility, etc by Anita Agarwal
260 ## - PUBLICATION, DISTRIBUTION, ETC. (IMPRINT)
Place of publication, distribution, etc New Delhi
Name of publisher, distributor, etc Kanishka Publication
Date of publication, distribution, etc 2000
300 x# - PHYSICAL DESCRIPTION
Extent xiv,217p.
Dimensions 23cm
942 ## - ADDED ENTRY ELEMENTS (KOHA)
Source of classification or shelving scheme Dewey Decimal Classification
Item type English Books
Classification part 327
Call number suffix AGA
Holdings
Withdrawn status Lost status Source of classification or shelving scheme Damaged status Not for loan Collection code Home library Current library Shelving location Date acquired Cost, normal purchase price Total Checkouts Full call number Barcode Date last seen Cost, replacement price Koha item type Source of acquisition
    Dewey Decimal Classification     Non-fiction Patel Nagar Patel Nagar   28/07/2018 450.00   327 AGA B-019275 28/07/2018 450.00 English Books BPPD/Pub
    Dewey Decimal Classification     Non-fiction Sarojini Nagar Sarojini Nagar General Stacks 28/04/2012 450.00   327 AGA B-19276 28/04/2012 450.00 English Books  
    Dewey Decimal Classification     Non-fiction Shahdara Branch Shahdara Branch   06/08/2018 0.00   327 AGA B-019278 06/08/2018 0.00 English Books BPPD/PUB

© Delhi Public Library
Hit Counter
free hit counter